000 00500 a2200181 4500
003 OSt
005 20231208085242.0
008 231207b |||||||| |||| 00| 0 eng d
020 _a9789355495587
040 _coclc
082 _a894.8123
_bPAD/S
100 _aPadmanabhan, T
_97032
245 _aSakhavu /
_cT. Padmanabhan
250 _a1st ed.
260 _aKozhikode:
_bMathrubhumi Books,
_c2022.
300 _a120p.
942 _2ddc
_cBK
_h894.8123
_iPAD/S
_k894.8123
_mPAD/S
999 _c44033
_d44033